Vol. 73, № 1; Nuclear Physics

Bibliographic Details
Parent link:Nuclear Physics: журнал. Vol. 73, № 1.— , 1961-1966.— 0375-9474
Language:English
Published: 1965
Format: Book
KOHA link:https://koha.lib.tpu.ru/cgi-bin/koha/opac-detail.pl?biblionumber=562641

MARC

LEADER 00000nam2a2200000 4500
001 562641
005 20231101123304.0
035 |a (RuTPU)RU\TPU\prd\257995 
035 |a RU\TPU\prd\257990 
090 |a 562641 
100 |a 20160516a19659999k y0engy50 ba 
101 1 |a eng 
102 |a US 
200 0 |a Vol. 73, № 1 
210 |d 1965 
461 1 |0 (RuTPU)RU\TPU\prd\1165  |x 0375-9474  |t Nuclear Physics  |o журнал  |v Vol. 73, № 1  |d 1961-1966 
801 0 |a RU  |b 63413507  |c 20010227  |g PSBO 
801 1 |a RU  |b 63413507  |c 20020228  |g PSBO 
801 2 |a RU  |b 63413507  |c 20160516  |g PSBO 
942 |c BK 
999 |a НТБ_ТПУ  |b НФ  |e -19/20150916  |p П-4531  |u 0,00  |v 1  |x 10571